Experimental design and analysis for tree improvement / (Record no. 756771)

MARC details
000 -LEADER
fixed length control field 00518nam a22001937a 4500
003 - CONTROL NUMBER IDENTIFIER
control field OSt
005 - DATE AND TIME OF LATEST TRANSACTION
control field 20260226143617.0
008 - FIXED-LENGTH DATA ELEMENTS--GENERAL INFORMATION
fixed length control field 260226b |||||||| |||| 00| 0 eng d
020 ## - INTERNATIONAL STANDARD BOOK NUMBER
International Standard Book Number 9781800624504
040 ## - CATALOGING SOURCE
Transcribing agency kul
082 ## - DEWEY DECIMAL CLASSIFICATION NUMBER
Classification number 634.956 WIL.E
100 ## - MAIN ENTRY--PERSONAL NAME
Personal name Williams, E.R.
9 (RLIN) 10695
245 ## - TITLE STATEMENT
Title Experimental design and analysis for tree improvement /
260 ## - PUBLICATION, DISTRIBUTION, ETC.
Place of publication, distribution, etc. UK:
Name of publisher, distributor, etc. CABI,
Date of publication, distribution, etc. c2024.
300 ## - PHYSICAL DESCRIPTION
Extent 184 p.
700 ## - ADDED ENTRY--PERSONAL NAME
Relator code Author
Personal name Harwood, C.E.
9 (RLIN) 11054
700 ## - ADDED ENTRY--PERSONAL NAME
Relator code Author
Personal name Matheson, A.C.
9 (RLIN) 11055
942 ## - ADDED ENTRY ELEMENTS (KOHA)
Source of classification or shelving scheme Dewey Decimal Classification
Koha item type Book
Holdings
Withdrawn status Lost status Source of classification or shelving scheme Damaged status Not for loan Home library Current library Shelving location Date acquired Source of acquisition Total Checkouts Full call number Barcode Date last seen Price effective from Koha item type
    Dewey Decimal Classification     Dept. of Botany Dept. of Botany General Stacks 23/02/2026 Southern book star   634.956 WIL.E BOT10949 23/02/2026 23/02/2026 Book